Die häufigsten Nachnamen der EU-Staaten - Statistiken

Allgemein
  • Dieses Quiz wurde 137 mal gespielt
  • Das Durchschnittsergebnis liegt bei 17 aus 27
Antwortstatistiken
Nachname EU-Staat % Korrekt
Müller Deutschland
97%
García Spanien
96%
Johansson Schweden
93%
De Jong Niederlande
92%
Gruber Österreich
92%
Papadopoulos Griechenland
91%
Rossi Italien
91%
Jensen Dänemark
84%
Murphy Irland
84%
Silva Portugal
84%
Korhonen Finnland
70%
Peeters Belgien
67%
Nowak Polen
67%
Knežević Kroatien
64%
Schmit Luxemburg
61%
Nováková Tschechische Republik
55%
Petrauskas Litauen
54%
Novak Slowenien
53%
Ivanov Bulgarien
52%
Martin Frankreich
52%
Berzinš Lettland
45%
Tóth Ungarn
44%
Tamm Estland
37%
Georgiou Zypern
36%
Popa Rumänien
29%
Varga Slowakei
17%
Borg Malta
16%
Keine übereinstimmenden Quizze gefunden
Verteilung der Resultate
Anzahl Personen mit jedem Resultat
Perzentil nach korrekt beantworteten Fragen
Ihre Resultats-Entwicklung
Sie haben dieses Quiz noch nicht gespielt